Responses for Show #7878 - Wednesday, December 5, 2018

Contestants

[<< previous game]

Brian Panulla, a software engineer from Portland, Oregon

Amy David, a professor of management from Lafayette, Indiana

Dave Leffler, a retired police officer from Pittsburgh, Pennsylvania (whose 2-day cash winnings total $53,601)

[next game >>]

Jeopardy! Round responses

REIGN, DEAR
DANCER
VIXEN
COMET
"Q"-PID
RUDOLPH
    $200 14
Prince Philip

Dave
    $200 16
Fred Astaire

Amy
    $200 5
retractable

Dave
    $200 9
a refractor telescope

Dave
    $200 7
qualification

Brian
    $400 20
the Taj Mahal

Dave
    $500 10
Lord of the Dance

Dave
    $400 21
kits

Brian
    $400 1
Rosetta

Dave
    $400 8
quixotic

Brian
    $400 29
[The end-of-round signal sounds.]

Wilma Rudolph

Dave
    $600 15
Princess Grace

Amy
    $600 17
Bob Fosse

Dave
    $600 6
(Brian: What's a warren?)

a den

AmyBrian
    $600 2
eccentric

Brian
    $600 12
quicksilver

Amy
    $600 26
Ford

Brian
    $800 22
the Netherlands

Brian
    $800 24
Savion Glover

Triple Stumper
    $800 19
rabies

Brian
    $800 3
Deep Impact

Brian
    $800 13
quell (or quash)

Brian
    $800 27
Maya Rudolph

Brian
    $1000 23
Castile

Brian
    $1000 25
(Alex: One category left and less than a minute to deal with it.)

Cuba

Triple Stumper
    $1000 18
the desert

Dave
    $1000 4
(Dave: What is plasma?)
[Originally ruled incorrect; ruled correct during contestant interviews.]

ions (or plasma)

DaveBrian
    $1000 11
a quibble

Amy
    $1000 28
the Katzenjammers

Dave

Scores at the first commercial break (after clue 15):

Dave Amy Brian
$2,500 $2,800 $3,200

Scores at the end of the Jeopardy! Round:

Dave Amy Brian
$5,900 $3,000 $7,600

Double Jeopardy! Round responses

OLYMPIC CITY ATTRACTIONS
3-LETTER BIZ
ARCHAEOLOGY
IT'S JUST A FLESH WOUND
MY ROLE ON TV
FERRY TALES
    $400 30
(Amy: What is Salt Lake City?)

Atlanta

Amy
Triple Stumper
    $400 1
UPS

Dave
    $400 9
a periscope

Amy
    $400 14
to scratch

Dave
    $400 20
Blacklist

Dave
    $400 17
(Dave: Who is Tom Sawyer?)

Huckleberry Finn

DaveBrian
    $800 29
Mexico City

Dave
    $3,200 2
IBM

Dave
    $800 3
Ur

Brian
    $800 5
a puncture

Brian
    $800 18
Luke Cage

Brian
    $800 7
(Amy: What is Staten Island?)

Manhattan

Amy
Triple Stumper
    $1200 28
Rio de Janeiro

Dave
    $1200 8
BVD

Dave
    $1200 4
Stone, Bronze, and Iron

Dave
    $1200 13
to cut in

Dave
    $1200 19
The Gifted

Dave
    $1200 21
hobbits

Brian
    $1600 27
Sydney

Brian
    $1600 11
STP

Dave
    $1600 6
Pompeii

Dave
    $1600 15
nick

Dave
    $1600 24
(Amy: What is Superstore?)

Veep

AmyBrian
    $7,000 22
(Alex: Say something, Brian.)
(Brian: Who is Michener?)

Jack London

Brian
    $2000 26
Calgary

Brian
    $2000 10
ZTE

Triple Stumper
    $2000 12
teeth

Brian
    $2000 16
the burn rate

Triple Stumper
    $2000 25
(Alex: Now we have less than a minute.)

American Vandal

Amy
    $2000 23
Siddhartha

Brian

Scores at the end of the Double Jeopardy! Round:

Dave Amy Brian
$21,500 $2,600 $13,800

[wagering suggestions for these scores]

Final Jeopardy! Round responses

NAMES IN AMERICAN HISTORY
(Alex: [Reading Amy's response] Who is Katze Ball?)
(Amy: That's my cat.)
...
(Alex: [To Brian] The man who shot the film of JFK's assassination.)
AmyWho is Katze Ball
$0
BrianWho is Zapruder?
$7,701
DaveWho is Zapruder?
$6,101
Abraham Zapruder

Final scores:

Dave Amy Brian
$27,601 $2,600 $21,501
3-day champion: $81,202 3rd place: $1,000 2nd place: $2,000

Game dynamics:

Coryat scores:

Dave Amy Brian
$19,000 $2,600 $20,800
24 R
(including 2 DDs),
1 W
7 R,
3 W
22 R,
2 W
(including 1 DD)

Combined Coryat: $42,400

[game clues] [game scores] [suggest correction]

Game tape date: 2018-10-30
The J! Archive is created by fans, for fans. Scraping, republication, monetization, and malicious use prohibited; this site may use cookies and collect identifying information. See terms. The Jeopardy! game show and all elements thereof, including but not limited to copyright and trademark thereto, are the property of Jeopardy Productions, Inc. and are protected under law. This website is not affiliated with, sponsored by, or operated by Jeopardy Productions, Inc. Join the discussion at JBoard.tv.